Лексико-термінологічний аналіз освітніх веб-сайтів американських ВНЗ (Harvard, MIT) (Запис № 285956)

МАРК-запис
000 -Лідер
fixed length control field 01722nam a22002297a 4500
001 - Контрольний номер
control field 216222711
003 - Ідентифікатор контрольного номера
control field UA-OsUOA
005 - Дата та час останнього входження (трансакції)
control field 20220819100957.0
008 - Елементи даних фіксованої довжини – загальна інформація
fixed length control field 220819b un ||||f |||| 00| 0 ukr d
040 ## - Джерело каталогізації
Агенція оригінальної каталогізації UA-OsUOA
Мова каталогізації ukr
Агенція, яка здійснювала перезапис UA-OsUOA
Агенція, яка здійснювала модифікацію UA-OsUOA
041 ## - Код мови
Код мови тексту/ звукової доріжки чи окремого заголовка (П) ukr
080 ## - Індекс Універсальної десяткової класифікації
Індекс Універсальної десяткової класифікації (УДК) (НП) 81
090 ## - Локальний шифр розміщення
Класифікаційний індекс УДК 81
Авторський знак (НП) О-26
100 ## - Основне введення – ім’я особи
Ім’я особи (НП) Обушний І. І.
245 ## - Відомості про назву
Назва (НП) Лексико-термінологічний аналіз освітніх веб-сайтів американських ВНЗ (Harvard, MIT)
Дані про відповідальність (НП) Обушний І. І.
260 ## - Публікація, розповсюдження і т.п. (Вихідні дані)
Місце публікації, розповсюдження і т.п. (П) Острог
Ім’я/ наймення видавництва, розповсюджувача і т.п. (П) КАФ
Дата публікації, розповсюдження і т.п. (П) 2017
300 ## - Фізичний опис
Обсяг 54 с.
520 ## - Резюме і т.п.
Резюме, реферат, анотація, тощо (НП) Вступ.<br/>Розділ І. Теоретичні засади дослідження термінології.<br/>1.1. Терміни, їх класифікація та семантико-стилістичні особливості<br/>1.2. Терміносистема як організована структура номінативних одиниць<br/>Висновки до Розділу І.<br/>Розділ ІІ. Термінологічний аналіз вибраних термінів інтерфейсу веб-сайтів американських ВНЗ.<br/>2.1. Термінологічний аналіз веб-сайту Гарвардського університету<br/>2.2. Термінологічний аналіз веб-сайту Массачусетського технологічного інституту (МІТ)<br/>Висновки до Розділу ІІ.<br/>Висновки.<br/>Список використаної літератури.<br/>Додатки.
650 ## - Додаткове предметне введення – тематичний термін
Тематичний термін чи географічна назва, як елемент введення (НП) 81 Лінгвістика. Мовознавство. Мови
Джерело заголовка чи терміна UDC
942 ## - Додаткові елементи входу (Коха)
Тип елемента Koha Книги
Source of classification or shelving scheme Universal Decimal Classification
955 ## - Код типу видання за змістом
Код типу видання за змістом (НП) Наукові видання
Фонди
Стан вилучень Стан втрат Джерело класифікації або схеми стелажів Стан уражень Не для кредиту Постійне місце розташування Поточне розміщення Дата придбання Джерело придбання Вартість, звичайна ціна покупки Повний номер виклику Штрих-код Дата останнього перегляду Вартість, ціна заміни Ціна ефективна від Тип елемента Koha Примітка, призначена для загального доступу
    Universal Decimal Classification     ВІЛ - Відділ іноземн. літератури НБ ВІЛ - Відділ іноземн. літератури НБ 27/06/2017 Акт №02/17 1.00 81 О-26 216076 10/11/2021 1.00 27/06/2017 Книги Дипломна робота (бакалавр)